000 00714nam a2200277Ia 4500
005 20260324125043.0
008 008 260324s9999 xx 000 0 eng d
020 _a9780203892763
037 _aEBOOK
040 _aCRL
040 _beng
040 _cCRL
041 _2eng
041 _aeng
084 _qCRL
100 _aTodd Little; Noel A. Card; James P. Selig
_91176511
245 0 _aModeling Dyadic and Interdependent Data in the Developmental and Behavioral Sciences
260 _bTaylor and Francis
260 _c2009
365 _a
365 _b230
856 _uhttp://www.taylorfrancis.com/books/9780203892763
942 _cEBOOK
999 _c1771438
_d1771438